| 000 | 00604nam a22002057a 4500 | ||
|---|---|---|---|
| 942 | _cBK | ||
| 999 |
_c575 _d575 |
||
| 005 | 20250420134816.0 | ||
| 008 | 200809b ||||| |||| 00| 0 eng d | ||
| 020 | _a9780201596212 | ||
| 040 | _cKCST | ||
| 082 |
_a620.00151 _bGl Ad |
||
| 100 |
_aJames Glyn; David Michael Burley; et al _94965 |
||
| 245 |
_aAdvanced modern engineering mathematics / _cGlyn James ; David Burley ... [et al.]. |
||
| 250 | _a2nd ed. | ||
| 260 |
_aHarlow : _bAddison-Wesley _c1993. |
||
| 300 | _ap. | ||
| 650 |
_aMathematics for engineers. _91344 |
||
| 700 |
_aBurley, David Michael _94966 |
||
| 942 | _2ddc | ||